000 01024nam a2200277Ia 4500
001 Para_10310
003 CHAP
008 220125sMayo xx 000 0 und d
010 _a205317
040 _cCHAP
090 _aPA CD - TESIS 337
100 _aFlores Saucedo, Ana Lizbeth
_9126985
245 _aAlimentación con tres tipos de polen para el ácaro Amblyselus swirskii y su efecto en la longevidad, reproducción y oviposición /
_c Ana Lizbeth Flores Sauced; Director Luis Othon Espinosa Carrillo
260 _aChapingo, Méx. :
_b el autor
300 _a1 CDS ROM (48 p.)
502 _aTesis (Ing. Agr. Esp. en Parasitología Agrícola). UACh. Departamento Parasitología Agrícola
700 _aEspinosa Carrillo, Luis Othon. Director
_9171340
710 _aUACh Departamento Parasitología Agrícola
901 _aPA CD - TESIS 337
902 _aM
905 _a513220Mayo, 2014 anm 8100000000 06
910 _aMayo
942 _cPARA
942 _cPARA
_d2
999 _c205317
_d205317